Flight Path Quiz - Statistics

General Stats
  • This quiz has been taken 31 times
  • The average score is 13 of 15
Answer Stats
Two Places Answer % Correct
Muscat / Brisbane Australia
93%
Moscow / Guangzhou China
93%
Muscat / Brisbane India
93%
Rabat/Jerusalem Israel
93%
Moscow / Guangzhou Kazakhstan
93%
Moscow / Guangzhou Russia
93%
Dublin / St. Petersburg Russia
93%
Dublin / St. Petersburg United Kingdom
93%
Muscat / Brisbane Indonesia
89%
Dublin / St. Petersburg Ireland
89%
Dublin / St. Petersburg Sweden
89%
Muscat / Brisbane Oman
86%
Rabat/Jerusalem Algeria
82%
Rabat/Jerusalem Morocco
82%
Rabat/Jerusalem Tunisia
79%
No matching quizzes found
Score Distribution
Percent of People with Each Score
Percentile by Number Answered
Your Score History
You have not taken this quiz